000
00208nam a22000857a 4500
008
160718b xxu||||| |||| 00| 0 eng d
100
_9
3008
_a
Brien, D
245
_a
G.K - India
260
_a
New Delhi
_b
Penguin
_c
2004
999
_c
2571
_d
2571